Study on synthesis of ceramics using carbon dioxide laser

Đã lưu trong:
Bibliografiske detaljer
Hovedforfatter: Mamoru, Okutomi
Format: Bog
Sprog:Undetermined
Udgivet: Tokyo 1994
Fag:
Tags: Tilføj Tag
Ingen Tags, Vær først til at tagge denne postø!
Thư viện lưu trữ: Trung tâm Học liệu Trường Đại học Cần Thơ
LEADER 00451nam a2200169Ia 4500
001 CTU_98683
008 210402s9999 xx 000 0 und d
082 |a 666 
082 |b O.41 
100 |a Mamoru, Okutomi 
245 0 |a Study on synthesis of ceramics using carbon dioxide laser 
245 0 |c Mamoru Okutomi 
260 |a Tokyo 
260 |c 1994 
650 |a Ceramics 
904 |i Truc 
980 |a Trung tâm Học liệu Trường Đại học Cần Thơ